Personajes God of War mitología griega - Estadísticas

Estadísticas generales
  • Esta prueba ha sido intentada 230 veces
  • La puntuación promedio es 16 de 23
Estadísticas de respuestas
Pregunta Respuesta % Correcto
Dios del cielo y el trueno. Rey de los dioses Zeus
99%
Dios de la guerra Ares
97%
Dios del inframundo Hades
97%
Dios de los mares Poseidón
95%
Diosa de la belleza, sensualidad y amor Afrodita
94%
Diosa de la sabiduría Atenea
83%
Padre del rey de los dioses Cronos
83%
Dios del comercio, mensajero de los dioses Hermes
83%
El vengador de los dioses, nuevo dios de la guerra Kratos
80%
Dios de la forja y del fuego Hefesto
79%
Semidios, campeón de los monstruos ctónicos Heracles
79%
Madre de la naturaleza y de toda la creación Gaia
71%
Diosa del matrimonio, mujeres y estrellas Hera
69%
Dios del sol Helios
67%
El que soporta los cielos en sus hombros como castigo Atlas
65%
Diosa de la caza y de los parajes agrestes (Ofrece la espada morada en God Of War I) Ártemis
64%
Hija del dios de la forja y hierro Pandora
52%
Dios de la muerte Tánatos
48%
Diosas que controlan el destino de los mortales Las Parcas
41%
Hermano del nuevo dios de la guerra Deimos
35%
Hija del nuevo dios de la guerra Caliope
34%
3 hermanas vengadoras de los culpables de crímenes divinos: Alecto, Tisifone, Megera (y el hermano Orkos) Las Furias
29%
Hija del dios de la muerte Erinia
14%
No se encontraron pruebas coincidentes
Distribución de puntuación
Porcentaje de gente con cada puntuación
Porcentaje por número respondido
Historial de tus puntuaciones
No has intentado esta prueba.